000
00220 a2200109 4500
001
50774
040
_c
Anchieta - Pituba
240
1
0
_a
Dom Casmuro
_l
245
1
0
_a
Dom Casmuro
650
4
_a
Ficção brasileira
942
_c
MU
999
_c
50774
_d
50774